000 00889nam a2200289 i 4500
001 000013132
003 DO-SdBNP
005 20260320084804.0
007 ta
008 091120t1977 dr 001 j spa d
040 _aDO-SdBNP
_bspa
_cBNPHU
_erda
041 _aspa
082 4 _aRD863.44
_bS583s
_222
100 _aSilié, Bruno,
_eautor
_4aut.
_927147
245 1 0 _aSe lo tragó la noche /
_cBruno Silié.
264 1 _aSanto Domingo :
_bEditora Taller,
_c1977.
300 _a98 páginas ;
_c21 cm.
336 _atexto
_btxt
_2rdacontent
337 _asin mediación
_bn
_2rdamedia
338 _avolumen
_bnc
_2rdacarrier
500 _aIncluye datos biográficos del autor en la contracubierta.
590 _aInventariado, 2019/VM
650 4 _aCuentos dominicanos
_9176
650 4 _aLiteratura dominicana.
_967
910 _aValidado. Control de calidad EMS.
942 _2ddc
_cLBS1
999 _c12774
_d12774